Statistics for All Starting Quarterbacks for the 2021-2022 NFL Season

Click here to take the quiz!

General Stats

  • This quiz has been taken 1,261 times
  • The average score is 27 of 32

Answer Stats

HintAnswer% Correct
Buffalo BillsJosh Allen
97%
Tampa Bay BuccaneersTom Brady
96%
New York GiantsDaniel Jones
95%
Seattle SeahawksRussel Wilson
95%
New York JetsZach Wilson
95%
Dallas CowboysDak Prescott
93%
Kansas City ChiefsPatrick Mahomes
93%
Miami DolphinsTua Tagovailoa
93%
Baltimore RavensLamar Jackson
92%
Green Bay PackersAaron Rodgers
91%
Cincinnati BengalsJoe Burrow
91%
Atlanta FalconsMatt Ryan
90%
Las Vegas RaidersDerek Carr
89%
Los Angeles RamsMatthew Stafford
89%
Philadelphia EaglesJalen Hurts
88%
Los Angeles ChargersJustin Herbert
88%
Minnesota VikingsKirk Cousins
88%
Detroit LionsJared Goff
87%
Arizona CardinalsKyler Murray
87%
Tennessee TitansRyan Tannehill
87%
Cleveland BrownsBaker Mayfield
86%
Jacksonville JaguarsTrevor Lawrence
86%
Indianapolis ColtsCarson Wentz
85%
San Francisco 49ersJimmy Garoppolo
85%
Pittsburgh SteelersBen Roethlisberger
84%
New England PatriotsCam Newton
81%
New Orleans SaintsJameis Winston
81%
Carolina PanthersSam Darnold
76%
Denver BroncosDrew Lock
73%
Chicago BearsAndy Dalton
64%
Houston TexansTyrod Taylor
56%
Washington Football TeamRyan Fitzpatrick
54%

Score Distribution

Percentile by Number Answered

Percent of People with Each Score

Your Score History

You have not taken this quiz